00677nam a2200169Ia 4500008004100000020001800041082002200059100002100081245011800102250001400220260002500234300001100259440001300270650011100283952009600394999001700490120622s9999 xx 000 0 und d a968-23-1592-1 a330.98 C965d 1990 aCueva, Agustín aEl desarrollo del capitalismmo en América Latina : ensayo de interpretación histórica / por Agustín Cueva a13 / aum. aMéxico : Siglo XXI a275 p. aHistoria a1. AMERICA LATINA - CONDICIONES ECONOMICAS - ENSAYOS, CONFERENCIAS, ETC. \ 2. AMERICA LATINA - HISTORIAÌ 00104070a01b01d2007-01-25l0o330.98 C965D 1990p01 001403r2012-06-24w2012-06-24yLB c57754d57754